Normal view MARC view

Entry Corporate Name

Number of records used in: 1

001 - CONTROL NUMBER

  • control field: 556247

003 - CONTROL NUMBER IDENTIFIER

  • control field: OSt

005 - DATE AND TIME OF LATEST TRANSACTION

  • control field: 20220930094752.0

008 - FIXED-LENGTH DATA ELEMENTS

  • fixed length control field: 220930|| aca||aabn | a|a d

040 ## - CATALOGING SOURCE

  • Original cataloging agency: OSt
  • Transcribing agency: OSt

110 ## - HEADING--CORPORATE NAME

  • Corporate name or jurisdiction name as entry element: दिल्ली विश्वविद्यालय. कला संकाय. संस्कृत विभाग

670 ## - SOURCE DATA FOUND

  • Source citation: Work cat.: (OSt)887652: सुमित्रा, ले., ऋग्वेदीय एवं यजुर्वेदीय यज्ञों में यज्ञपात्र विधान एवं द्रव्यसामग्री का तुलनात्मक अध्ययन, 2013
Copyright @ Delhi University Library System